000 00498nam a2200181Ia 4500
005 20250326123644.0
008 250326s9999 xx 000 0 und d
037 _aTextbook
040 _aFMSL
_beng
_cFMSL
041 _aeng
_2eng
084 _aL:14(X.75) K7
_qFMSL
100 _aJefford R
_9735731
245 0 _aPrinciples of hospital planning
_cJefford R
260 _aLondon
_bLondon, Pitman
_c1967
300 _a83p
942 _cTB
_hL:14(X.75) K7
999 _c1270349
_d1270349